00703 2200241 4500001002100000005001700021008004100038035002400079082001100103090002100114100002600135245012600161250001100287260002700298300002400325650002000349700002400369700001700393850001500410980001500425985000600440999001500446YOGYA-0209000003549920090227025021.0 ind  0010-020900000035499 a611.07 a611.07bSur IlT aSurtaseca, R. Admiral aIlmu urai dan ilmu faalbuntuk sekolah pendidikan juru kesehatancR. Admiral Suraseca, Djoehana Wiradikarta, M.H.A. Patah aCet. 1 aJakartabWaltersc1956 a73 hlmbilusc21 cm aAnatomi manusia aWiradikarta, Juhana aPatah, M.H.A aYOPDYOG(b) a30-09-2006 a1 ab000002043